| 000 | 01080nam a2200265Ia 4500 | ||
|---|---|---|---|
| 003 | OSt | ||
| 005 | 20200824200709.0 | ||
| 008 | 191128s2013 ar abd gr 000 0 spa d | ||
| 040 |
_aCo-JMCR _cCo-JMCR |
||
| 041 | 0 | _aspa | |
| 082 | 0 | 4 |
_a368.43008 / _bR719m _223 |
| 100 | 1 |
_aRofman, Rafael, _eeditor _99163 |
|
| 245 | 1 | 0 |
_aMás allá de las pensiones contributivas : _b catorce experiencias en América Latina / _cRafael Rofman, Ignacio Apella y Evelyn Vezza, editores |
| 250 | _aPrimera edición | ||
| 260 |
_aBuenos Aires : _bBanco Mundial, _c2013. |
||
| 300 |
_a496 páginas : _bgráficos, mapas a blanco y negro ; _c24 cm. |
||
| 504 | _aBibliografía : páginas 493-494. | ||
| 505 | 0 | _aArgentina -- Bolivia -- Brasil -- Chile -- Colombia -- Costa Rica -- Ecuador -- El salvador -- México | |
| 650 | 2 | 4 |
_aPensiones contributivas _zAmérica Latina _99164 |
| 650 | 2 | 4 |
_aPensiones contributivas _zColombia _99165 |
| 650 | 2 | 4 |
_aPensiones contributivas _zChile _99166 |
| 700 | 1 |
_aApella, Ignacio, _eeditor _99167 |
|
| 700 | 1 |
_aVezza, Evelyn, _eeditora _99168 |
|
| 942 |
_2ddc _cBK |
||
| 999 |
_c6063 _d6063 |
||